Causation and delay in construction disputes (Record no. 98823)

MARC details
000 -LEADER
fixed length control field 00809cam a2200217 4500
008 - FIXED-LENGTH DATA ELEMENTS--GENERAL INFORMATION
fixed length control field 090401t2000 xxu||||| |||| 00| 0 eng d
020 ## - INTERNATIONAL STANDARD BOOK NUMBER
International Standard Book Number 063203971X
035 ## - SYSTEM CONTROL NUMBER
System control number (Sirsi) u97261
041 ## - LANGUAGE CODE
Language code of text/sound track or separate title eng
050 ## - LIBRARY OF CONGRESS CALL NUMBER
Classification number 692.8
-- 18
100 ## - MAIN ENTRY--PERSONAL NAME
Personal name Carnell, Nicholas J.
245 ## - TITLE STATEMENT
Title Causation and delay in construction disputes
260 ## - PUBLICATION, DISTRIBUTION, ETC.
Place of publication, distribution, etc. Oxford
Name of publisher, distributor, etc. Blackwell Science
Date of publication, distribution, etc. 2000
300 ## - PHYSICAL DESCRIPTION
Extent xii, 240p.
Dimensions 25cm.
350 ## - PRICE (NR) (BK AM CF MU VM SE) [OBSOLETE]
Price 45
520 ## - SUMMARY, ETC.
Summary, etc. Looks at how construction projects become delayed and the practical steps that can be taken to avoid this situation. Also considers the presentation of claims and dispute resolution.
520 ## - SUMMARY, ETC.
Summary, etc. Superseded by second edition (ISBN 1405118164)
690 ## - LOCAL SUBJECT ADDED ENTRY--TOPICAL TERM (OCLC, RLIN)
Topical term or geographic name as entry element BUILT ENVIRONMENT-CONSTRUCTION MANAGEMENT-BUILDING CONTRACT ADMINISTRATION
942 ## - ADDED ENTRY ELEMENTS (KOHA)
Suppress in OPAC 0
948 ## - LOCAL PROCESSING INFORMATION (OCLC); SERIES PART DESIGNATOR (RLIN)
c (OCLC) 04/03/1997
Holdings
Withdrawn status Lost status Source of classification or shelving scheme Damaged status Not for loan Home library Current library Shelving location Date acquired Total Checkouts Full call number Barcode Date last seen Date last checked out Copy number Price effective from Koha item type
    Other/Generic Classification Scheme     London London Books 17/10/2000 24 SHELF 318 30062375 06/08/2019 20/03/2007 2 06/08/2019 Book
    Other/Generic Classification Scheme     London London Basement 03/08/2005   SHELF 318 30061682 06/08/2019   3 06/08/2019 Book